Statistiques concernant Meilleurs buteurs de l'histoire de l'Euro

Cliquez ici pour prendre le quiz!

Statistiques générales

  • Ce quiz a été pris 173 fois
  • Le résultat moyen est 4 sur 10

Statistiques - réponses

Nombres de butsRéponse% Correct
14 butsCristiano Ronaldo
92%
7 butsAntoine Griezmann
72%
9 butsMichel Platini
65%
6 butsThierry Henry
65%
6 butsWayne Rooney
30%
6 butsRomelu Lukaku
20%
6 butsAlvaro Morata
15%
6 butsRuud Van Nistelrooy
14%
6 butsPatrick Kluivert
12%
7 butsAlan Shearer
11%

Distribution des résultats

Percentile par nombre de réponses

% des personnes avec chaque résultat

Votre développement - résultats

Vous n’avez pas pris ce quiz